书目信息 |
| 题名: |
斯皮格高级声乐练习曲集
|
|
| 作者: | 斯皮格 著 ;龚叶 , 张扬 译 | |
| 分册: | 第一册 女高音 | |
| 出版信息: | 湖南 湖南文艺出版社 2003 |
|
| 页数: | 75 | |
| 开本: | 29cm | |
| 丛书名: | ||
| 单 册: | ||
| 中图分类: | J65 | |
| 科图分类: | ||
| 主题词: | 音乐--各国--作品 , 外国音乐--作品 | |
| 电子资源: | ||
| ISBN: | 7-5404-3058-3 | |
| 000 | 00717nam0 2200229 450 | |
| 001 | 0758474734 | |
| 005 | 20070817161434.73 | |
| 010 | @a7-5404-3058-3@dCNY 20.00 | |
| 100 | @a20070817d km y0chiy0120 ea | |
| 101 | 0 | @achi |
| 200 | 1 | @a斯皮格高级声乐练习曲集@Asi pi ge gao ji sheng yue lian xi qu ji@h第一册@i女高音@f斯皮格著@Fsi pi ge zhu@g龚叶,张扬译@Ggong ye,zhang yang yi |
| 210 | @a湖南@c湖南文艺出版社@d2003 | |
| 215 | @a75@d29cm | |
| 517 | 1 | @a女高音@Anu gao yin |
| 606 | 0 | @a音乐@y各国@x作品 |
| 606 | 0 | @a外国音乐@x作品 |
| 690 | @aJ65@v3 | |
| 701 | 0 | @a斯皮格@Asi pi ge@4著 |
| 702 | 0 | @a龚叶@Agong ye@4译 |
| 702 | 0 | @a张扬@Azhang yang@4译 |
| 801 | 0 | @aCN@bPFT@c20070817 |
| 905 | @a213230@dJ65@eY10@f1 | |
| 斯皮格高级声乐练习曲集.第一册.女高音/斯皮格著/龚叶,张扬译.-湖南:湖南文艺出版社,2003 |
| 75;29cm |
| ISBN 7-5404-3058-3:CNY 20.00 |
| ● |
| 相关链接 |
|
|
|
|
正题名:斯皮格高级声乐练习曲集
索取号:J65/Y10
 
预约/预借
| 序号 | 登录号 | 条形码 | 馆藏地/架位号 | 状态 | 备注 |
| 1 | 7400669 | 274006693 | 密集书库-音乐系/ [索取号:J65/Y10] | 在馆 |